000 00294nam a2200121Ia 4500
008 190216s9999||||xx |||||||||||||| ||und||
100 _aKumaranasan N
245 0 _aKumaranasante Padyakritikal Vol 1
260 _bSarada Book Depot
_c1968
300 _a567p
650 _aKavithkal
942 _cBK
999 _c24347
_d24347